MARC

LEADER 00000nam0a2200000 4500
001 267545
005 20231101234105.0
020 |a RU  |b 87-7245 
035 |a (RuTPU)RU\TPU\book\290602 
090 |a 267545 
100 |a 20140731d1987 m y0rusy5003 ca 
101 0 |a rus 
102 |a RU 
105 |a a j 001zy 
200 1 |a Калибровка прокатных валков  |e учебное пособие   |f В. К. Смирнов, В. А. Шилов, Ю. В. Инатович 
210 |a Москва  |c Металлургия  |d 1987 
215 |a 368 с.  |c ил. 
320 |a Библиогр.: с. 365-366. 
320 |a Предм. указ.: с. 366-367. 
606 1 |a Прокатные валки  |x Калибровка  |x Расчет  |2 stltpush  |3 (RuTPU)RU\TPU\subj\52073  |9 70566 
610 1 |a основные положения 
610 1 |a блюминг 
610 1 |a обжатие 
610 1 |a расчет 
610 1 |a алгоритм 
610 1 |a профили 
610 1 |a прокатка 
610 1 |a учебные пособия 
675 |a 621.771.2.073.8(075.8)  |v 3 
700 1 |a Смирнов  |b В. К.  |g Виталий Кузьмич 
701 1 |a Шилов  |b В. А.  |g Владислав Александрович 
701 1 |a Инатович  |b Ю. В.  |g Юрий Владимирович 
801 0 |a RU  |b RuMRKP  |c 19950417  |g psbo 
801 1 |a RU  |b 63413507  |c 20140731 
801 2 |a RU  |b 63413507  |c 20151201  |g RCR 
942 |c BK